| 000 | 00373nam a22001457a 4500 | ||
|---|---|---|---|
| 003 | MACL | ||
| 005 | 20170811132455.0 | ||
| 008 | 170811b xxu||||| |||| 00| 0 eng d | ||
| 040 | _cMACL | ||
| 100 |
_aSitesh,Aruna _968640 |
||
| 245 |
_aBreez _bFrom a Distant Land |
||
| 260 |
_aDelhi _bDiamond Pocket Books (P) Ltd _c2012 |
||
| 650 |
_aShort Stories _968641 |
||
| 942 |
_2ddc _cBK |
||
| 999 |
_c56843 _d56843 |
||